Datum a čas kvízu
26.5
Celkem bodů
Celkový počet nahraných bodů na tomto kvízu bez doplňovacích otázek.
4.
Pořadí na kvízu
Konečné umístění týmu na tomto kvízu.
Zaznamenané odpovědi
| # | Otázka | Odpověď | Body | Výsledky |
|---|---|---|---|---|
| 1. | Minulý týden jsme s napětím sl... | Pákistán | 0 | |
| 2. | Majitel zkrachovalé taxislužb... | K pěstování zeleniny. | 0 | |
| 3. | Známý podnikatel, matematik a... | Karel Janeček | 1 | |
| 4. | Minulý týden byl oznámen defin... | Orlen | 1 | |
| 5. | Jak se jmenuje sportovec, kter... | Tomáš Satoranský | 1 | |
| 6. | Před několika týdny jsme si bl... | Valencie | 0 | |
| 7. | V Madridu, ale i ve zbytku Špa... | patatas bravas/papas bravas | 0 | |
| 8. | Název jistého španělského alko... | sangria | 0 | |
| 9. | Španělské chorizo se vyrábí z... | (mletá/uzená) paprika | 1 | |
| 10. | Název této tradiční španělské... | turrón/torrone | 0 |